<?xml version="1.0" encoding="UTF-8"?><?xml-stylesheet type="text/xsl" href="static/style.xsl"?><OAI-PMH xmlns="http://www.openarchives.org/OAI/2.0/" xmlns:xsi="http://www.w3.org/2001/XMLSchema-instance" xsi:schemaLocation="http://www.openarchives.org/OAI/2.0/ http://www.openarchives.org/OAI/2.0/OAI-PMH.xsd"><responseDate>2026-05-01T13:11:48Z</responseDate><request verb="GetRecord" identifier="oai:riubu.ubu.es:10259/9030" metadataPrefix="marc">https://riubu.ubu.es/oai/request</request><GetRecord><record><header><identifier>oai:riubu.ubu.es:10259/9030</identifier><datestamp>2024-04-25T00:05:17Z</datestamp><setSpec>com_10259_9025</setSpec><setSpec>com_10259_5086</setSpec><setSpec>com_10259_2604</setSpec><setSpec>com_10259.4_2560</setSpec><setSpec>col_10259_9026</setSpec><setSpec>col_10259.4_2561</setSpec></header><metadata><record xmlns="http://www.loc.gov/MARC21/slim" xmlns:doc="http://www.lyncode.com/xoai" xmlns:xsi="http://www.w3.org/2001/XMLSchema-instance" xmlns:dcterms="http://purl.org/dc/terms/" xsi:schemaLocation="http://www.loc.gov/MARC21/slim http://www.loc.gov/standards/marcxml/schema/MARC21slim.xsd">
<leader>00925njm 22002777a 4500</leader>
<datafield tag="042" ind1=" " ind2=" ">
<subfield code="a">dc</subfield>
</datafield>
<datafield tag="720" ind1=" " ind2=" ">
<subfield code="a">Rey García, Daniel</subfield>
<subfield code="e">author</subfield>
</datafield>
<datafield tag="720" ind1=" " ind2=" ">
<subfield code="a">López Rodríguez, N.</subfield>
<subfield code="e">author</subfield>
</datafield>
<datafield tag="720" ind1=" " ind2=" ">
<subfield code="a">Rubio Armesto, Belén</subfield>
<subfield code="e">author</subfield>
</datafield>
<datafield tag="720" ind1=" " ind2=" ">
<subfield code="a">Vilas Martín, Federico</subfield>
<subfield code="e">author</subfield>
</datafield>
<datafield tag="720" ind1=" " ind2=" ">
<subfield code="a">Mohamed Falcón, Kais Jacob</subfield>
<subfield code="e">author</subfield>
</datafield>
<datafield tag="720" ind1=" " ind2=" ">
<subfield code="a">Pazos Rodríguez, Óscar</subfield>
<subfield code="e">author</subfield>
</datafield>
<datafield tag="720" ind1=" " ind2=" ">
<subfield code="a">Bógalo Román, Mª Felicidad</subfield>
<subfield code="e">author</subfield>
</datafield>
<datafield tag="260" ind1=" " ind2=" ">
<subfield code="c">2000</subfield>
</datafield>
<datafield tag="520" ind1=" " ind2=" ">
<subfield code="a">Este trabajo establece la utilidad de la susceptibilidad magnética como indicador de la influencia marina y evolución diagenética en sedimentos costeros de las Rías Baixas. Para ello se investigó la variabilidad geográfica de la susceptibilidad en 200 muestras de sedimentos marinos superficiales en las Rías de Vigo y Pontevedra. Su variabilidad vertical se estudió en 80 muestras de tres testigos de entre 60 y 90 cm de longitud extraídos en la Ría de Pontevedra. La susceptibilidad  de  las  muestras  superficiales  aumenta  progresivamente  hacia mar abierto, y a medida que nos alejamos de las zonas de mayor influencia continental, estando relacionada con la textura y composición del sedimento, y por tanto, con su procedencia. Los testigos, más homogéneos litológicamente, mostraron una disminución muy importante de la susceptibilidad con la profundidad, estando ésta asociada a la evolución diagenética del sedimento. Para estudiar mejor estos procesos, se determinó la composición elemental y mineralógica, y además se midieron otras propiedades magnéticas de muestras representativas.  Estos  resultados  se  analizaron  conjuntamente  con  los  datos sedimentológicos disponibles, lo que permitió establecer que la variabilidad de la susceptibilidad dependía de tres factores principales: (a) procedencia y origen de los sedimentos, (b) régimen hidrodinámico de la zona y (c) presencia de partículas contaminantes discretas de origen antropogénico. También puede concluirse que la evolución de las fases magnetomineralógicas durante la diagénesis temprana está controlada por el contenido en materia orgánica, lo que a su vez determina el potencial de oxidación-reducción.</subfield>
</datafield>
<datafield tag="520" ind1=" " ind2=" ">
<subfield code="a">Meassurement of magnetic susceptibility has allowed the assesment of the marine influence and diagenetic evolution of coastal sediments from the Rías Baixas. This is based on geographically and vertically distributed data. The lowfield susceptibility (χ) of over 200 samples of surficial seabed sediments of the Rias of Vigo and Pontevedra showed a significant increase towards the open sea and  away  from  continental  influenced  areas.  Vertical  variability  of  the  susceptibility was evaluated in 80 samples obtained from three 60 to 90 cm long gravity corers in the Ria de Pontevedra. These samples showed a very strong decrease in susceptibility with depth. The surficial susceptibility values correlated well with the textural characteristics of the sediments, suggesting a link between sediment provenance and origin of the magnetic signal. To further evaluate these relationships, the available sedimentological data were completed with a number of elemental and mineralogical analysis. In addition some basic magnetic  parameters  were  obtained  for  selected  specimens.  The  combined analysis of these data showed that the spatial variability of the susceptibility observed in the different granulometric fractions can be spatially related to: (a) sediment provenance and origin, (b) hydrodynamic regime established between the Rias and the adjacent shelf, (c) antropogenic solid particulate pollution. It can also be concluded that the evolution of the magnetomineralogical phases during the early stages of burial and diagenesis is controlled by the organic matter content which in turn controls the redox potential.</subfield>
</datafield>
<datafield tag="024" ind2=" " ind1="8">
<subfield code="a">1886-7995</subfield>
</datafield>
<datafield tag="024" ind2=" " ind1="8">
<subfield code="a">http://hdl.handle.net/10259/9030</subfield>
</datafield>
<datafield tag="024" ind2=" " ind1="8">
<subfield code="a">1698-6180</subfield>
</datafield>
<datafield ind1=" " ind2=" " tag="653">
<subfield code="a">Magnetismo ambiental</subfield>
</datafield>
<datafield ind1=" " ind2=" " tag="653">
<subfield code="a">Propiedades magnéticas</subfield>
</datafield>
<datafield ind1=" " ind2=" " tag="653">
<subfield code="a">Rías Baixas</subfield>
</datafield>
<datafield ind1=" " ind2=" " tag="653">
<subfield code="a">Diagénesis</subfield>
</datafield>
<datafield ind1=" " ind2=" " tag="653">
<subfield code="a">Sedimentos marinos</subfield>
</datafield>
<datafield ind1=" " ind2=" " tag="653">
<subfield code="a">Environmental magnetism</subfield>
</datafield>
<datafield ind1=" " ind2=" " tag="653">
<subfield code="a">Magnetic properties</subfield>
</datafield>
<datafield ind1=" " ind2=" " tag="653">
<subfield code="a">Diagenesis</subfield>
</datafield>
<datafield ind1=" " ind2=" " tag="653">
<subfield code="a">Marine sediments</subfield>
</datafield>
<datafield tag="245" ind1="0" ind2="0">
<subfield code="a">Propiedades magnéticas de los sedimentos de tipo estuarino: el caso de las Rías Baixas</subfield>
</datafield>
</record></metadata></record></GetRecord></OAI-PMH>